书目信息 |
| 题名: |
在家自制纯正好酵素
|
|
| 作者: | 江晃荣 著 | |
| 分册: | ||
| 出版信息: | 北京 当代中国出版社 2017 |
|
| 页数: | 193页 | |
| 开本: | 24cm | |
| 丛书名: | 尚生活 | |
| 单 册: | ||
| 中图分类: | R151.3 | |
| 科图分类: | ||
| 主题词: | 酶--mei--食品营养 | |
| 电子资源: | ||
| ISBN: | 978-7-5154-0745-6 | |
| 000 | 01107nam 2200265 45 | |
| 001 | 012001002481 | |
| 005 | 20140101113716.0 | |
| 010 | @a978-7-5154-0745-6@dCNY79.00 | |
| 099 | @aCAL 012017115610 | |
| 100 | @a20170712d2017 em y0chiy50 ea | |
| 101 | 0 | @achi |
| 102 | @aCN@b110000 | |
| 105 | @aak z 000yy | |
| 106 | @ar | |
| 200 | 1 | @a在家自制纯正好酵素@Azai jia zi zhi chun zheng hao jiao su@f江晃荣著 |
| 210 | @a北京@c当代中国出版社@d2017 | |
| 215 | @a193页@c图@d24cm | |
| 225 | 2 | @a尚生活@Ashang sheng huo |
| 330 | @a本书是同一作者畅销书《酵素》的姊妹书。它由日本京都大学博士后、台湾酵素研发NO.1专家江晃荣博士针对入门新手全新编纂的自制酵素全书。本书为广大读者提供了科学普及必备的基本酵素常识, 回答了读者最常问、最想知道的酵素问题, 并且图文并茂地提供了简单实用的正确制作与使用酵素的科学知识。本书是忙碌的现代人正确认识和正确使用酵素的日常居家好帮手, 既是健康科普读物, 又是时尚生活读物。 | |
| 410 | 0 | @12001 @a尚生活 |
| 606 | 0 | @a酶@Amei@x食品营养 |
| 690 | @aR151.3@v5 | |
| 701 | 0 | @a江晃荣@Ajiang huang rong@4著 |
| 801 | 0 | @aCN@b北京卓展@c20191020 |
| 905 | @b1203597-600@dR151.3@e135@f4 | |
| 在家自制纯正好酵素/江晃荣著.-北京:当代中国出版社,2017 |
| 193页:图;24cm.-(尚生活) |
| ISBN 978-7-5154-0745-6:CNY79.00 |
| 本书是同一作者畅销书《酵素》的姊妹书。它由日本京都大学博士后、台湾酵素研发NO.1专家江晃荣博士针对入门新手全新编纂的自制酵素全书。本书为广大读者提供了科学普及必备的基本酵素常识, 回答了读者最常问、最想知道的酵素问题, 并且图文并茂地提供了简单实用的正确制作与使用酵素的科学知识。本书是忙碌的现代人正确认识和正确使用酵素的日常居家好帮手, 既是健康科普读物, 又是时尚生活读物。 |
| ● |
| 相关链接 |
|
|
|
|
正题名:在家自制纯正好酵素
索取号:R151.3/135
 
预约/预借
| 序号 | 登录号 | 条形码 | 馆藏地/架位号 | 状态 | 备注 |
| 1 | 1203597 | 212035974 | 第二样本阅览室/ [索取号:R151.3/135] | 在馆 | |
| 2 | 1203598 | 212035983 | 第三借阅区/ [索取号:R151.3/135] | 在馆 | |
| 3 | 1203599 | 212035992 | 第三借阅区/ [索取号:R151.3/135] | 在馆 | |
| 4 | 1203600 | 212036009 | 第三借阅区/ [索取号:R151.3/135] | 在馆 |